| 000 -LEADER |
| fixed length control field |
01384nam a22003497a 4500 |
| 001 - CONTROL NUMBER |
| control field |
12151210 |
| 003 - CONTROL NUMBER IDENTIFIER |
| control field |
OSt |
| 005 - DATE AND TIME OF LATEST TRANSACTION |
| control field |
20210426114515.0 |
| 008 - FIXED-LENGTH DATA ELEMENTS--GENERAL INFORMATION |
| fixed length control field |
000822s2001 njua b 001 0 eng |
| 010 ## - LIBRARY OF CONGRESS CONTROL NUMBER |
| LC control number |
00045237 |
| 020 ## - INTERNATIONAL STANDARD BOOK NUMBER |
| International Standard Book Number |
0130953067 (hc.) |
| 040 ## - CATALOGING SOURCE |
| Original cataloging agency |
DLC |
| Transcribing agency |
DLC |
| Modifying agency |
DLC |
| 043 ## - GEOGRAPHIC AREA CODE |
| Geographic area code |
n-us--- |
| 050 00 - LIBRARY OF CONGRESS CALL NUMBER |
| Classification number |
LC4231 |
| Item number |
.B53 2001 |
| 080 ## - UNIVERSAL DECIMAL CLASSIFICATION NUMBER |
| Universal Decimal Classification number |
37 |
| Item number |
B-56 |
| 082 00 - DEWEY DECIMAL CLASSIFICATION NUMBER |
| Classification number |
371.91 |
| Edition number |
21 |
| 100 1# - MAIN ENTRY--PERSONAL NAME |
| Personal name |
Bigge, June L. |
| 245 10 - TITLE STATEMENT |
| Title |
Teaching individuals with physical, health, or multiple disabilities / |
| Statement of responsibility, etc. |
by June L. Bigge, Sherwood J. Best, Kathryn Wolff Heller. |
| 250 ## - EDITION STATEMENT |
| Edition statement |
4th ed. |
| 260 ## - PUBLICATION, DISTRIBUTION, ETC. |
| Place of publication, distribution, etc. |
Upper Saddle River, N.J. : |
| Name of publisher, distributor, etc. |
Merrill/Prentice Hall, |
| Date of publication, distribution, etc. |
c2001. |
| 300 ## - PHYSICAL DESCRIPTION |
| Extent |
xvi, 620 p. : |
| Other physical details |
ill. ; |
| Dimensions |
24 cm. |
| 500 ## - GENERAL NOTE |
| General note |
Rev. ed. of: Teaching individuals with physical and multiple disabilities. |
| 504 ## - BIBLIOGRAPHY, ETC. NOTE |
| Bibliography, etc. note |
Includes bibliographical references and indexes. |
| 650 #0 - SUBJECT ADDED ENTRY--TOPICAL TERM |
| Topical term or geographic name entry element |
Children with disabilities |
| General subdivision |
Education |
| Geographic subdivision |
United States. |
| 653 ## - INDEX TERM--UNCONTROLLED |
| Uncontrolled term |
განათლება |
| 700 1# - ADDED ENTRY--PERSONAL NAME |
| Personal name |
Best, Sherwood J. |
| 700 1# - ADDED ENTRY--PERSONAL NAME |
| Personal name |
Heller, Kathryn Wolff, |
| Dates associated with a name |
1957- |
| 700 1# - ADDED ENTRY--PERSONAL NAME |
| Personal name |
Bigge, June L. |
| Title of a work |
Teaching individuals with physical and multiple disabilities. |
| 906 ## - LOCAL DATA ELEMENT F, LDF (RLIN) |
| a |
0 |
| b |
vip |
| c |
orignew |
| d |
1 |
| e |
ocip |
| f |
20 |
| g |
y-gencatlg |
| 942 ## - ADDED ENTRY ELEMENTS (KOHA) |
| Source of classification or shelving scheme |
|
| Koha item type |
Books |